[Event "TCh-FRA Top 16 Basse 2025"]
[Site "Belfort FRA"]
[Date "2025.05.30"]
[Round "2.5"]
[White "Eugene, Nathael"]
[Black "Delorme, Axel"]
[Result "0-1"]
[BlackTitle "GM"]
[WhiteElo "2122"]
[BlackElo "2475"]
[WhiteTeam "Le Mans"]
[BlackTeam "Clichy Echecs 92"]
[WhiteFideId "45115907"]
[BlackFideId "632023"]
[EventDate "2025.05.29"]
[EventType "team"]

1. e4 e5 2. Nf3 Nc6 3. Bb5 a6 4. Ba4 Nf6 5. O-O b5 6. Bb3 Bb7 7. d3 Bc5 8. c4 b4
9. Ba4 Qe7 10. Nbd2 Na5 11. Nh4 g6 12. Ndf3 Nh5 13. Bh6 Nc6 14. Re1 f6 15. d4
Nxd4 16. Nxd4 Bxd4 17. Nf5 gxf5 18. Qxh5+ Kd8 19. Qxf5 c5 20. Rad1 Kc7 21. Be3
Qe6 22. Qh5 Rhg8 23. Bxd4 cxd4 24. f3 Rg5 25. Qh4 Rag8 26. Re2 f5 27. Rdd2 R8g7
28. Bb3 Qg6 29. Bc2 f4 30. Qe1 Qh6 31. Kh1 Rh5 32. h3 d6 33. Bd3 a5 34. Rf2
Rxh3+ 35. gxh3 Qxh3+ 36. Rh2 Qxf3+ 37. Rdg2 Rxg2 38. Rxg2 Qxd3 39. Qh4 Qxe4 40.
Qe7+ Kb6 41. Qxd6+ Qc6 42. c5+ Kb5 0-1

[Event "TCh-FRA Top 16 Basse 2025"]
[Site "Belfort FRA"]
[Date "2025.05.30"]
[Round "2.6"]
[White "Tulliez, Andre"]
[Black "Gely, Yann"]
[Result "1-0"]
[WhiteTitle "FM"]
[WhiteElo "2251"]
[BlackElo "2134"]
[WhiteTeam "Clichy Echecs 92"]
[BlackTeam "Le Mans"]
[WhiteFideId "45107181"]
[BlackFideId "26050978"]
[EventDate "2025.05.29"]
[EventType "team"]

1. e4 c5 2. Nf3 g6 3. Bc4 Bg7 4. c3 e6 5. d4 cxd4 6. Bb3 Ne7 7. cxd4 d5 8. e5
Nbc6 9. O-O O-O 10. Nc3 Nf5 11. Ba4 Na5 12. Bg5 Qb6 13. g4 h6 14. Bf6 Bxf6 15.
gxf5 Be7 16. f6 Bb4 17. Qc1 Kh7 18. a3 Bxc3 19. Qxc3 Rd8 20. Ng5+ Kg8 21. Qh3 h5
22. Qe3 Nc4 23. Qf4 Rf8 24. Bc2 Qxb2 25. Rfc1 b6 26. Nh3 Kh7 27. Rab1 Qxa3 28.
Rb3 Qa5 29. Qg5 Rh8 30. Rg3 Qd2 31. Bxg6+ Kg8 32. Bh7+ Kf8 33. Qg8+ Rxg8 34.
Rxg8# 1-0

[Event "TCh-FRA Top 16 Basse 2025"]
[Site "Belfort FRA"]
[Date "2025.05.30"]
[Round "2.7"]
[White "Weibel, Theo"]
[Black "Belkaid, Sohan"]
[Result "0-1"]
[BlackTitle "FM"]
[WhiteElo "2125"]
[BlackElo "2348"]
[WhiteTeam "Le Mans"]
[BlackTeam "Clichy Echecs 92"]
[WhiteFideId "36005428"]
[BlackFideId "45180350"]
[EventDate "2025.05.29"]
[EventType "team"]

1. e4 c5 2. Nf3 d6 3. d4 cxd4 4. Nxd4 Nf6 5. Nc3 Nc6 6. Bc4 e5 7. Nf3 h6 8. O-O
Be7 9. h3 O-O 10. Be3 Be6 11. Qe2 Na5 12. Bb3 Nxb3 13. axb3 a6 14. Rfd1 Qe8 15.
Nd2 Qc6 16. Nc4 Nxe4 17. Nxe4 Qxe4 18. Nxd6 Qg6 19. Qf3 Rad8 20. Nxb7 Rxd1+ 21.
Qxd1 Bxh3 22. Qf3 Bc8 23. Nc5 Qxc2 24. Qg3 Qxb2 25. Rc1 Kh7 26. Qf3 f5 27. Nd3
Qxb3 28. Nxe5 Qe6 29. Bd4 Bf6 30. Re1 Qd6 31. Ba1 Qd2 32. Rd1 Qc2 33. Nd3 Bxa1
34. Rxa1 Rd8 35. Nf4 Qb2 36. Re1 Qb4 37. Rc1 Bb7 38. Qg3 Qd6 39. Qh4 Rc8 40. Re1
Be4 41. f3 Bxf3 42. Re6 Rc1+ 43. Kh2 Qc5 44. Re7 Qd6 45. Re6 Qd4 46. Kg3 Rf1 47.
Qe7 Bh5 48. Nh3 Qg4+ 49. Kh2 f4 50. Qa3 Bg6 51. Re7 Bf5 52. Qc3 f3 0-1

[Event "TCh-FRA Top 16 Basse 2025"]
[Site "Belfort FRA"]
[Date "2025.05.30"]
[Round "2.8"]
[White "Broly, Mathilde"]
[Black "Budak, Lori"]
[Result "1-0"]
[WhiteTitle "WFM"]
[WhiteElo "2077"]
[BlackElo "1908"]
[WhiteTeam "Clichy Echecs 92"]
[BlackTeam "Le Mans"]
[WhiteFideId "20682794"]
[BlackFideId "36037630"]
[EventDate "2025.05.29"]
[EventType "team"]

1. c4 c5 2. Nf3 Nc6 3. g3 g6 4. Bg2 Bg7 5. O-O e5 6. Nc3 Nge7 7. d3 d6 8. a3 O-O
9. Rb1 a5 10. Ne1 Be6 11. Nd5 Rb8 12. Bg5 f6 13. Bd2 b5 14. b3 f5 15. Nc2 h6 16.
b4 cxb4 17. axb4 bxc4 18. dxc4 e4 19. bxa5 Rxb1 20. Qxb1 Nxd5 21. cxd5 Bxd5 22.
Qb5 Ne7 23. Nb4 Be6 24. Be3 Qa8 25. Qb6 Rd8 26. a6 Bc4 27. Qc7 Qc8 28. Qxe7 Rd7
29. Qh4 Bxe2 30. Bxh6 Bxf1 31. Bxf1 Qc5 32. Bd2 Bd4 33. Qf4 Rd8 34. a7 Ra8 35.
Na6 Qxa7 36. Qxd6 Bxf2+ 37. Kg2 e3 38. Qxg6+ Qg7 39. Bc4+ Kh8 40. Qh5+ 1-0

[Event "TCh-FRA Top 16 Basse 2025"]
[Site "Belfort FRA"]
[Date "2025.05.31"]
[Round "3.1"]
[White "Donchenko, Alexander"]
[Black "Chigaev, Maksim"]
[Result "1/2-1/2"]
[WhiteTitle "GM"]
[BlackTitle "GM"]
[WhiteElo "2615"]
[BlackElo "2635"]
[WhiteTeam "Vandoeuvre Echecs"]
[BlackTeam "Metz Fischer"]
[WhiteFideId "24603295"]
[BlackFideId "4108116"]
[EventDate "2025.05.29"]
[EventType "team"]

1. d4 d5 2. c4 e6 3. Nc3 Be7 4. cxd5 exd5 5. Bf4 c6 6. e3 Bd6 7. Bxd6 Qxd6 8.
Bd3 Ne7 9. Qb3 O-O 10. Nf3 Nd7 11. O-O Ng6 12. Rab1 Nf6 13. h3 Re8 14. Qc2 Qe7
15. b4 a6 16. a4 Ne4 17. b5 axb5 18. axb5 Ng5 19. Nxg5 Qxg5 20. Kh2 Bd7 21. bxc6
bxc6 22. Ne2 Rab8 23. Ng3 Qf6 24. Kg1 Qd6 25. Bf5 Nf8 26. Ne2 Bxf5 27. Qxf5 Ne6
28. Rfc1 g6 29. Rxb8 Rxb8 30. Qc2 Rc8 31. Qa4 Kg7 32. Qa6 Qd7 33. Nc3 c5 34.
Nxd5 Rc6 35. Qc4 Rd6 36. Nc3 cxd4 37. Nb5 Rd5 38. Nxd4 Nxd4 39. exd4 Rxd4 1/2-1/2

[Event "TCh-FRA Top 16 Basse 2025"]
[Site "Belfort FRA"]
[Date "2025.05.31"]
[Round "3.2"]
[White "Barseghyan, Harutyun"]
[Black "Fridman, Daniel"]
[Result "1/2-1/2"]
[WhiteTitle "IM"]
[BlackTitle "GM"]
[WhiteElo "2450"]
[BlackElo "2584"]
[WhiteTeam "Metz Fischer"]
[BlackTeam "Vandoeuvre Echecs"]
[WhiteFideId "13304585"]
[BlackFideId "11600454"]
[EventDate "2025.05.29"]
[EventType "team"]

1. d4 d5 2. Nf3 Nf6 3. c4 e6 4. g3 Be7 5. Bg2 O-O 6. Nc3 dxc4 7. Ne5 c5 8. dxc5
Qxd1+ 9. Nxd1 Bxc5 10. O-O Nc6 11. Bxc6 bxc6 12. Be3 Bb6 13. Bxb6 axb6 14. Nc3
Bd7 15. Rfd1 Rfd8 16. Nxc4 b5 17. Nd6 Be8 18. Nxe8 Rxe8 19. a3 Kf8 20. Rac1 Rec8
21. f3 Ke7 22. Kf2 Rab8 23. Rd2 c5 24. a4 bxa4 25. Nxa4 c4 26. Rd4 Rb4 27. b3
Rxb3 28. Rdxc4 Rxc4 29. Rxc4 Nd5 30. Nc5 Rc3 31. Rxc3 Nxc3 1/2-1/2

[Event "TCh-FRA Top 16 Basse 2025"]
[Site "Belfort FRA"]
[Date "2025.05.31"]
[Round "3.3"]
[White "Savina, Anastasia"]
[Black "Bailet, Pierre"]
[Result "1/2-1/2"]
[WhiteTitle "IM"]
[BlackTitle "GM"]
[WhiteElo "2332"]
[BlackElo "2472"]
[WhiteTeam "Vandoeuvre Echecs"]
[BlackTeam "Metz Fischer"]
[WhiteFideId "4196872"]
[BlackFideId "655830"]
[EventDate "2025.05.29"]
[EventType "team"]

1. d4 Nf6 2. c4 e6 3. Nc3 Bb4 4. e3 O-O 5. Bd2 c5 6. a3 Bxc3 7. Bxc3 Ne4 8. Ne2
b6 9. d5 Bb7 10. f3 Nxc3 11. Nxc3 d6 12. Qd2 exd5 13. Nxd5 Nc6 14. Rd1 Ne7 15.
Nc3 Nf5 16. Bd3 Qh4+ 17. g3 Nxg3 18. Qf2 Rae8 19. Qxg3 Rxe3+ 20. Be2 Qe7 21. Rg1
g6 22. Qxd6 Qh4+ 23. Qg3 Qe7 24. Qd6 Qh4+ 25. Qg3 Qe7 26. Qd6 Qh4+ 27. Qg3 1/2-1/2

[Event "TCh-FRA Top 16 Basse 2025"]
[Site "Belfort FRA"]
[Date "2025.05.31"]
[Round "3.4"]
[White "Visakh, N R"]
[Black "Hamitevici, Vladimir"]
[Result "1-0"]
[WhiteTitle "GM"]
[BlackTitle "GM"]
[WhiteElo "2507"]
[BlackElo "2423"]
[WhiteTeam "Metz Fischer"]
[BlackTeam "Vandoeuvre Echecs"]
[WhiteFideId "25012223"]
[BlackFideId "13902393"]
[EventDate "2025.05.29"]
[EventType "team"]

1. d4 Nf6 2. Nf3 b6 3. g3 Bb7 4. Bg2 e6 5. O-O Be7 6. c4 O-O 7. Nc3 Ne4 8. Bd2
Bf6 9. Qc2 Nxd2 10. Qxd2 d6 11. e4 Nd7 12. Rad1 g6 13. Rfe1 Bg7 14. b3 a6 15.
Qc2 Rb8 16. a4 Qe7 17. d5 e5 18. b4 a5 19. bxa5 Bh6 20. axb6 cxb6 21. Rb1 Ba6
22. Rb4 Nc5 23. Reb1 Qc7 24. Bh3 f5 25. exf5 gxf5 26. Nh4 f4 27. Ne4 Kh8 28. Bf5
fxg3 29. hxg3 Rg8 30. Kg2 Nxe4 31. Bxe4 Bg5 32. Rh1 Bxh4 33. Rxh4 Rg7 34. a5
bxa5 35. Rxb8+ Qxb8 36. Bxh7 Qd8 37. Bg6+ Kg8 38. Qf5 Bc8 39. Qh5 Kf8 40. Qh8+
Rg8 41. Qh6+ Rg7 42. Rh5 Qe7 43. Bf5 Bd7 44. Be6 Ke8 45. Rf5 Kd8 46. Qh8+ Be8
47. Rf8 1-0

[Event "TCh-FRA Top 16 Basse 2025"]
[Site "Belfort FRA"]
[Date "2025.05.31"]
[Round "3.5"]
[White "Nezar, Mustapha"]
[Black "Travadon, Loic"]
[Result "0-1"]
[WhiteTitle "IM"]
[BlackTitle "IM"]
[WhiteElo "2324"]
[BlackElo "2447"]
[WhiteTeam "Vandoeuvre Echecs"]
[BlackTeam "Metz Fischer"]
[WhiteFideId "608637"]
[BlackFideId "26092131"]
[EventDate "2025.05.29"]
[EventType "team"]

1. d4 d5 2. Nf3 Nf6 3. g3 c5 4. c3 Nc6 5. Bg2 e6 6. O-O Be7 7. a3 O-O 8. Nbd2
cxd4 9. cxd4 Qb6 10. e3 Bd7 11. Re1 Rac8 12. Bf1 Rc7 13. Bd3 Rfc8 14. b3 Na5 15.
b4 Nc4 16. Nxc4 dxc4 17. Bc2 a5 18. bxa5 Qxa5 19. e4 Ra8 20. Bd2 Qh5 21. Re3 Ng4
22. Rc3 b5 23. Kg2 e5 24. h3 Nf6 25. g4 Nxg4 26. hxg4 Bxg4 27. d5 b4 28. axb4
Rxa1 29. Qxa1 Qh3+ 30. Kg1 Bxf3 31. Rxf3 Qxf3 32. Qxe5 Qg4+ 33. Kf1 Qd7 34. Qd4
f6 35. Ke1 Bd6 36. Qb6 h5 37. Qe3 Ra7 38. Bc3 Ra3 39. Qd2 Qh3 40. Bd4 Qh1+ 41.
Ke2 Qf3+ 42. Ke1 h4 43. b5 h3 0-1

[Event "TCh-FRA Top 16 Basse 2025"]
[Site "Belfort FRA"]
[Date "2025.05.31"]
[Round "3.6"]
[White "Postny, Evgeny"]
[Black "Brunner, Nicolas"]
[Result "1-0"]
[WhiteTitle "GM"]
[BlackTitle "IM"]
[WhiteElo "2525"]
[BlackElo "2423"]
[WhiteTeam "Metz Fischer"]
[BlackTeam "Vandoeuvre Echecs"]
[WhiteFideId "2804344"]
[BlackFideId "620246"]
[EventDate "2025.05.29"]
[EventType "team"]

1. d4 Nf6 2. Nf3 d5 3. e3 e6 4. b3 c5 5. Bd3 Nc6 6. O-O Bd6 7. Bb2 O-O 8. dxc5
Bxc5 9. Nbd2 b6 10. a3 Bb7 11. b4 Bd6 12. e4 dxe4 13. Bxf6 gxf6 14. Nxe4 Be7 15.
Ng3 Kh8 16. Qe2 Nd4 17. Nxd4 Qxd4 18. Rad1 Qh4 19. Be4 Bxe4 20. Nxe4 f5 21. Nd2
Rac8 22. c4 Bf6 23. Rc1 Bb2 24. Rc2 Qf6 25. Rb1 Bd4 26. Nf3 Rfd8 27. Rd1 Bc3 28.
Rdc1 Bd4 29. Rd1 Bc3 30. Rdc1 Bd4 31. c5 bxc5 32. bxc5 e5 33. c6 Rc7 34. Qb5 e4
35. Nxd4 Rxd4 36. g3 Kg7 37. Qa5 Qd6 38. Qxf5 Rd1+ 39. Kg2 Rxc1 40. Qg5+ Kf8 41.
Qxc1 Qd5 42. Rc5 Qd3 43. Qh6+ Ke8 44. Qf6 Qxa3 45. Re5+ 1-0

[Event "TCh-FRA Top 16 Basse 2025"]
[Site "Belfort FRA"]
[Date "2025.05.31"]
[Round "3.7"]
[White "Pourquet, Matthieu"]
[Black "Vitoux, Colomban"]
[Result "1/2-1/2"]
[WhiteTitle "FM"]
[BlackTitle "IM"]
[WhiteElo "2298"]
[BlackElo "2367"]
[WhiteTeam "Vandoeuvre Echecs"]
[BlackTeam "Metz Fischer"]
[WhiteFideId "20654642"]
[BlackFideId "628549"]
[EventDate "2025.05.29"]
[EventType "team"]

1. d4 Nf6 2. c4 g6 3. g3 Bg7 4. Bg2 O-O 5. Nc3 d6 6. h3 Nbd7 7. Nf3 e5 8. O-O c6
9. e4 a5 10. Qc2 exd4 11. Nxd4 Re8 12. Be3 Qc7 13. Rad1 Nc5 14. b3 Bd7 15. Rfe1
Rab8 16. a4 Rbd8 17. f4 Qb6 18. Rb1 Nh5 19. Nde2 f5 20. Bf2 Nf6 21. Kh2 fxe4 22.
Nxe4 Nfxe4 23. Bxe4 Qb4 24. Bxc5 Qxc5 25. Ng1 Kh8 26. Qd2 d5 27. Bg2 Bf5 28.
Rbd1 Rxe1 29. Qxe1 Bc2 30. Rc1 Bxb3 31. cxd5 Qa3 32. dxc6 bxc6 33. Qxa5 Rf8 34.
Rxc6 Qxa4 35. Qc5 Qd4 36. Qxd4 Bxd4 37. Nf3 Bf6 38. Nd2 Ba2 39. Ra6 Bg8 40. Ra8
Rxa8 41. Bxa8 Kg7 42. Nf3 Bb3 43. Nd2 Bc2 44. g4 g5 45. f5 Bc3 46. Nc4 Bd3 47.
Bd5 1/2-1/2

[Event "TCh-FRA Top 16 Basse 2025"]
[Site "Belfort FRA"]
[Date "2025.05.31"]
[Round "3.8"]
[White "Andriasyan, Siranush"]
[Black "Decuigniere, Tom"]
[Result "0-1"]
[WhiteTitle "WIM"]
[BlackTitle "IM"]
[WhiteElo "2192"]
[BlackElo "2366"]
[WhiteTeam "Metz Fischer"]
[BlackTeam "Vandoeuvre Echecs"]
[WhiteFideId "13301926"]
[BlackFideId "26093820"]
[EventDate "2025.05.29"]
[EventType "team"]

1. e4 c5 2. Nf3 d6 3. Bb5+ Nd7 4. c3 Nf6 5. Qe2 a6 6. Ba4 e5 7. O-O Be7 8. d4 b5
9. Bc2 O-O 10. Rd1 Qc7 11. dxe5 dxe5 12. Nbd2 c4 13. Nf1 Bb7 14. Ng3 Nc5 15. b4
cxb3 16. axb3 Ne6 17. Nf5 Bc5 18. h3 Rfd8 19. Bg5 Nxg5 20. Nxg5 h6 21. Nf3 Bf8
22. Qe3 Rxd1+ 23. Rxd1 Rc8 24. Ne1 Qxc3 25. Qxc3 Rxc3 26. Rd8 Rc7 27. f3 g6 28.
Nd6 Bc6 29. f4 Rd7 30. Rc8 Rxd6 31. fxe5 Re6 32. exf6 Rxf6 33. e5 Re6 34. Nd3
Bb7 35. Rb8 Be4 36. Kf2 Kg7 37. Ke3 Bxg2 38. h4 Bd6 39. Rb6 Bc5+ 0-1

[Event "TCh-FRA Top 16 Basse 2025"]
[Site "Belfort FRA"]
[Date "2025.05.31"]
[Round "3.1"]
[White "Amin, Bassem"]
[Black "Rathanvel, V S"]
[Result "0-1"]
[WhiteTitle "GM"]
[BlackTitle "IM"]
[WhiteElo "2649"]
[BlackElo "2465"]
[WhiteTeam "Clichy Echecs 92"]
[BlackTeam "Lyon Olympique Echecs"]
[WhiteFideId "10601457"]
[BlackFideId "25002112"]
[EventDate "2025.05.29"]
[EventType "team"]

1. Nf3 d5 2. g3 Nf6 3. Bg2 e6 4. O-O Be7 5. d3 O-O 6. a3 c5 7. Nbd2 Nc6 8. e4 b5
9. Re1 a5 10. e5 Nd7 11. Nf1 Bb7 12. Bf4 a4 13. h4 b4 14. Ne3 Qa5 15. Bh3 bxa3
16. bxa3 Nd4 17. Bg2 Rab8 18. Nxd4 cxd4 19. Ng4 Rfc8 20. Bd2 Qc7 21. Ra2 Ba6 22.
Qe2 Rb5 23. h5 h6 24. Nh2 Qb8 25. Qg4 Rb1 26. Ra1 Rxa1 27. Rxa1 Nxe5 28. Qxd4
Bf6 29. Qxa4 Bb5 30. Qb3 Nf3+ 31. Nxf3 Bxa1 32. Bf4 Qb7 33. Nd2 Ba6 34. c4 Qxb3
35. Nxb3 Bf6 36. cxd5 Rc3 37. Nc1 exd5 38. Bxd5 Bg5 39. Bxg5 hxg5 40. Na2 Rxa3
41. Nb4 Bxd3 42. Nc6 Be2 43. Ne5 Bxh5 44. g4 Ra5 45. Nc6 Rxd5 46. Ne7+ Kf8 47.
Nxd5 Bxg4 48. Kg2 Be6 49. Nc3 Ke7 50. Kg3 f5 51. Ne2 Kf6 52. Nd4 Bd7 53. Kg2 g4
54. Ne2 g5 55. Nd4 Ke5 56. Nb3 Kf4 57. Nd4 Ke4 58. Nb3 Bc8 59. Nd2+ Kd3 60. Nb3
Bb7+ 61. Kf1 Bc8 62. Kg2 f4 63. Kf1 Bf5 64. Ke1 Kc3 65. Nd2 Bd3 66. Kd1 Kb2 67.
Ke1 Kc2 68. Nf3 Kc3 69. Nxg5 Bf5 70. Nf7 Kd4 71. Nd6 Bd3 72. Nf7 Bc4 73. Nd6 Bd3
74. Nf7 Ba6 75. Nh8 Bb5 76. Ng6 f3 77. Nf4 Be8 78. Ne6+ Ke5 79. Nc7 Bc6 80. Kd2
Kd6 81. Na6 Bb5 82. Nb4 g3 0-1

[Event "TCh-FRA Top 16 Basse 2025"]
[Site "Belfort FRA"]
[Date "2025.05.31"]
[Round "3.2"]
[White "Fedorchuk, Sergey A."]
[Black "Gurel, Ediz"]
[Result "1/2-1/2"]
[WhiteTitle "GM"]
[BlackTitle "GM"]
[WhiteElo "2565"]
[BlackElo "2636"]
[WhiteTeam "Lyon Olympique Echecs"]
[BlackTeam "Clichy Echecs 92"]
[WhiteFideId "14102536"]
[BlackFideId "44507356"]
[EventDate "2025.05.29"]
[EventType "team"]

1. e4 c5 2. Nf3 e6 3. d4 cxd4 4. Nxd4 Nc6 5. Nc3 Nf6 6. Ndb5 d6 7. Bf4 e5 8. Bg5
a6 9. Na3 b5 10. Nd5 Be7 11. Bxf6 Bxf6 12. c3 Ne7 13. Nc2 Nxd5 14. Qxd5 Rb8 15.
Qd3 O-O 16. Be2 Bg5 17. Rd1 Rb6 18. Nb4 Be6 19. Nd5 Rc6 20. Nb4 Rb6 21. Nd5 Rc6 1/2-1/2

[Event "TCh-FRA Top 16 Basse 2025"]
[Site "Belfort FRA"]
[Date "2025.05.31"]
[Round "3.3"]
[White "Van Wely, Loek"]
[Black "Benitah, Yohan"]
[Result "1-0"]
[WhiteTitle "GM"]
[BlackTitle "IM"]
[WhiteElo "2609"]
[BlackElo "2333"]
[WhiteTeam "Clichy Echecs 92"]
[BlackTeam "Lyon Olympique Echecs"]
[WhiteFideId "1000268"]
[BlackFideId "609560"]
[EventDate "2025.05.29"]
[EventType "team"]

1. d4 d5 2. c4 c6 3. Nf3 Nf6 4. Nc3 dxc4 5. a4 Bf5 6. Ne5 Nbd7 7. Nxc4 Nb6 8.
Ne5 a5 9. h4 h6 10. f3 Nfd7 11. e4 Bh7 12. Nd3 e6 13. Be3 Bb4 14. Bf2 Qe7 15.
Be2 O-O 16. O-O Kh8 17. Re1 f6 18. Nxb4 Qxb4 19. Ra3 Bg8 20. e5 Qe7 21. Rb3 Qd8
22. Ne4 f5 23. Nd6 Qc7 24. Qd2 Rfb8 25. g4 Nf8 26. Bd1 Nd5 27. h5 b5 28. axb5
cxb5 29. Rxb5 fxg4 30. fxg4 Nh7 31. Bh4 Rxb5 32. Nxb5 Qb6 33. Nd6 Rb8 34. b3 Qb4
35. Ne4 Qxd2 36. Nxd2 Nc3 37. Kf2 Nf8 38. Bf3 a4 39. bxa4 Nxa4 40. Ne4 Bh7 41.
Nc5 Nc3 42. Re3 Rb2+ 43. Kg3 Nb5 44. d5 exd5 45. e6 Nxe6 46. Rxe6 Bg8 47. Rb6
Rb1 48. Nd7 d4 49. Rxh6+ 1-0

[Event "TCh-FRA Top 16 Basse 2025"]
[Site "Belfort FRA"]
[Date "2025.05.31"]
[Round "3.4"]
[White "Hejazipour, Mitra"]
[Black "Shoker, Samy"]
[Result "1-0"]
[WhiteTitle "WGM"]
[BlackTitle "GM"]
[WhiteElo "2310"]
[BlackElo "2456"]
[WhiteTeam "Lyon Olympique Echecs"]
[BlackTeam "Clichy Echecs 92"]
[WhiteFideId "12505951"]
[BlackFideId "627143"]
[EventDate "2025.05.29"]
[EventType "team"]

1. e4 g6 2. d4 Bg7 3. Nc3 d6 4. Be3 a6 5. f3 Nd7 6. h4 h6 7. Qd2 b5 8. Nh3 e6 9.
Nf2 Ne7 10. O-O-O Bb7 11. Kb1 Nb6 12. Bd3 Rc8 13. h5 g5 14. Ne2 c5 15. dxc5 dxc5
16. Bxc5 Na4 17. Ba3 Nc6 18. c3 Ne5 19. Qe3 Qc7 20. Rd2 Nc5 21. Bxc5 Qxc5 22.
Qxc5 Rxc5 23. Nd4 Ke7 24. Nb3 Rc7 25. Na5 Ba8 26. Rhd1 Rb8 27. Be2 b4 28. c4 Nd7
29. Ng4 Nc5 30. Nb3 Na4 31. e5 Nb6 32. g3 Nd7 33. f4 gxf4 34. gxf4 Be4+ 35. Ka1
Nb6 36. Rd4 Bc2 37. R1d2 Bh7 38. c5 Nd5 39. Bf3 Bf5 40. Bxd5 Bxg4 41. Be4 f5 42.
Bg2 Bxh5 43. Rd6 Be8 44. c6 Rbc8 45. Nd4 Bf7 46. Kb1 h5 47. Nb3 h4 48. Nc5 h3
49. Bh1 Bh6 50. Rd7+ Kf8 51. Rxc7 Rxc7 52. Nxa6 Bxf4 53. Rd3 Rc8 54. c7 Ke7 55.
Bb7 h2 56. Rh3 Rxc7 57. Nxc7 Bxe5 58. Na6 Bd6 59. Rh6 Be8 60. Rh4 Bg6 61. Kc2
Kf6 62. Nxb4 Kg5 63. Rd4 Bg3 64. Bh1 e5 65. Rd5 f4+ 66. Kd2 Kf6 67. Rd6+ Kg5 68.
Rxg6+ Kxg6 69. a4 Kf5 70. Kd3 Kg4 71. Ke4 Bf2 72. Nd3 Bd4 73. b4 Kg3 74. a5 1-0

[Event "TCh-FRA Top 16 Basse 2025"]
[Site "Belfort FRA"]
[Date "2025.05.31"]
[Round "3.5"]
[White "Le Roux, Jean-Pierre"]
[Black "Lux, Hugo de Melo"]
[Result "0-1"]
[WhiteTitle "GM"]
[BlackTitle "FM"]
[WhiteElo "2475"]
[BlackElo "2315"]
[WhiteTeam "Clichy Echecs 92"]
[BlackTeam "Lyon Olympique Echecs"]
[WhiteFideId "609404"]
[BlackFideId "2138298"]
[EventDate "2025.05.29"]
[EventType "team"]

1. d4 Nf6 2. Nf3 d5 3. Bf4 c5 4. e3 Nc6 5. Nbd2 Nh5 6. dxc5 Nxf4 7. exf4 Qa5 8.
c4 e6 9. Bd3 Qxc5 10. Rc1 Qd6 11. O-O Be7 12. g3 O-O 13. a3 a5 14. Qe2 Bf6 15.
Rfd1 Qb8 16. Nf1 g6 17. cxd5 exd5 18. f5 d4 19. N1d2 gxf5 20. Qf1 f4 21. Rc5 h6
22. Bf5 Bg7 23. Bb1 Re8 24. Qd3 Bg4 25. Nc4 b5 26. Ncd2 Ne5 27. Nxe5 Rxe5 28.
Qh7+ Kf8 29. Rdc1 Rxc5 30. Rxc5 Qd6 31. Rc1 d3 32. Re1 Be2 33. Qf5 Bxb2 34. Ba2
Qf6 35. Qxb5 fxg3 36. hxg3 Re8 37. Qd5 Bd4 38. Rc1 Bxf2+ 39. Kh1 Re5 40. Rc8+
Kg7 41. Qa8 Kh7 42. Rf8 Bh5 0-1

[Event "TCh-FRA Top 16 Basse 2025"]
[Site "Belfort FRA"]
[Date "2025.05.31"]
[Round "3.6"]
[White "Mathieu, Phileas"]
[Black "Belkaid, Sohan"]
[Result "1-0"]
[WhiteTitle "FM"]
[BlackTitle "FM"]
[WhiteElo "2346"]
[BlackElo "2348"]
[WhiteTeam "Lyon Olympique Echecs"]
[BlackTeam "Clichy Echecs 92"]
[WhiteFideId "36048410"]
[BlackFideId "45180350"]
[EventDate "2025.05.29"]
[EventType "team"]

1. e4 c5 2. Nf3 d6 3. d4 cxd4 4. Nxd4 Nf6 5. Nc3 Nc6 6. Bg5 e6 7. Qd2 a6 8.
O-O-O Bd7 9. Kb1 Be7 10. f4 b5 11. a3 Qc7 12. Nf3 Rd8 13. Bd3 Bc8 14. Rhe1 h6
15. Bh4 Bb7 16. e5 dxe5 17. fxe5 Nd7 18. Bxe7 Nxe7 19. Bxb5 Bxf3 20. gxf3 axb5
21. Nxb5 Qb8 22. Nd6+ Kf8 23. Qf4 Nxe5 24. Qxe5 Kg8 25. Rd3 Ng6 26. Qg3 Kh7 27.
h4 Nxh4 28. Rg1 Ng6 29. c4 Qc7 30. b4 Rd7 31. c5 Rb8 32. Rc3 Qd8 33. Rgc1 Ra8
34. Qh2 Rda7 35. Qb2 Nf4 36. b5 Nd5 37. Rb3 Rb8 38. b6 Ra6 39. Nxf7 Qh4 40. Ne5
Qa4 41. Rc4 Qe8 42. b7 Ne7 43. c6 Nxc6 44. Qc2+ 1-0

[Event "TCh-FRA Top 16 Basse 2025"]
[Site "Belfort FRA"]
[Date "2025.05.31"]
[Round "3.7"]
[White "Tulliez, Andre"]
[Black "Breuil, Tristan"]
[Result "1-0"]
[WhiteTitle "FM"]
[BlackTitle "FM"]
[WhiteElo "2251"]
[BlackElo "2362"]
[WhiteTeam "Clichy Echecs 92"]
[BlackTeam "Lyon Olympique Echecs"]
[WhiteFideId "45107181"]
[BlackFideId "45163685"]
[EventDate "2025.05.29"]
[EventType "team"]

1. e4 c5 2. Nf3 d6 3. d4 cxd4 4. Nxd4 Nf6 5. Nc3 a6 6. Bg5 e6 7. f4 h6 8. Bh4
Qb6 9. a3 Nc6 10. Bf2 Qc7 11. Qf3 e5 12. Nxc6 bxc6 13. fxe5 Ng4 14. Bg3 Nxe5 15.
Bxe5 dxe5 16. Bc4 Bc5 17. O-O-O O-O 18. Na4 Bd4 19. Kb1 Qa5 20. b3 Rb8 21. Ka2
Be6 22. Qe2 Rb7 23. Rhf1 Re8 24. g4 Ree7 25. h3 Bxc4 26. Qxc4 Qb5 27. c3 Be3 28.
Rd3 Bg5 29. Rd6 Rec7 30. Nb2 Ra7 31. Rd3 Kh7 32. Rfd1 Qb6 33. Rf3 Qb5 34. a4 Qb6
35. Rdf1 Qb7 36. Nd3 Qb5 37. Qc5 Qxc5 38. Nxc5 Be7 39. Nd3 f6 40. Nb2 Rd7 41.
Nc4 Rab7 42. Kb2 Rb8 43. Kc2 Rbd8 44. Rh1 Kg6 45. h4 Bc5 46. Rf5 Ba7 47. h5+ Kh7
48. Rff1 Bb8 49. Rd1 Bc7 50. Rxd7 Rxd7 51. Rd1 Re7 52. Ne3 g6 53. b4 Bb6 54. Nc4
Bc7 55. Kb3 Kg7 56. Ne3 Bb6 57. Ng2 Bf2 58. Rd2 Bg3 59. Rd3 Bf2 60. Rf3 Ba7 61.
Nh4 Rb7 62. Nxg6 c5 63. Nh4 cxb4 64. cxb4 Bc5 65. Nf5+ Kh7 66. Kc4 Bxb4 67. Rd3
a5 68. Rd8 Ba3 69. Kd5 Rc7 70. Ke6 Rc6+ 71. Kf7 Rc4 72. Kxf6 Rxe4 73. Rd7+ Kh8
74. Nxh6 Bf8 75. Kg6 1-0